Heat and thermodynamics (Record no. 15981)

000 -LEADER
fixed length control field 00471nam a22001937a 4500
001 - CONTROL NUMBER
control field 15981
003 - CONTROL NUMBER IDENTIFIER
control field BD-DhUET
008 - FIXED-LENGTH DATA ELEMENTS--GENERAL INFORMATION
fixed length control field 150316b xxu||||| |||| 00| 0 eng d
040 ## - CATALOGING SOURCE
Original cataloging agency DLC
Transcribing agency DLC
Modifying agency BD-DhUET
082 ## - DEWEY DECIMAL CLASSIFICATION NUMBER
Classification number 536
Item number ROB/1962
100 ## - MAIN ENTRY--PERSONAL NAME
Personal name Roberts, J. K.
245 ## - TITLE STATEMENT
Title Heat and thermodynamics
250 ## - EDITION STATEMENT
Edition statement 5th ed.
260 ## - PUBLICATION, DISTRIBUTION, ETC. (IMPRINT)
Place of publication, distribution, etc. London
Name of publisher, distributor, etc. Blackie and Son
Date of publication, distribution, etc. 1962
300 ## - PHYSICAL DESCRIPTION
Extent xx, 619p.
650 #0 - SUBJECT ADDED ENTRY--TOPICAL TERM
Topical term or geographic name as entry element Heat and thermodynamics
700 ## - ADDED ENTRY--PERSONAL NAME
Personal name Miller, A. R.
942 ## - ADDED ENTRY ELEMENTS (KOHA)
Koha item type General Book
Holdings
Not for loan Copy number Source of classification or shelving scheme Koha item type Sublocation or collection (holding branch) Location (home branch) Koha normalized classification for sorting Koha full call number Lost status Withdrawn status Shelving location Damaged status Piece designation (barcode) Koha date last seen Price effective from Date acquired
 1 General BookCentral Library, BUETCentral Library, BUET536_000000000000000_ROR_1962536/ROR/1962  Circulation section 208132015-03-162015-03-162015-03-16
 2 General BookCentral Library, BUETCentral Library, BUET536_000000000000000_ROR_1962536/ROR/1962  Circulation section 16132015-03-212015-03-212015-03-21
 3 General BookCentral Library, BUETCentral Library, BUET536_000000000000000_ROB_1962536/ROB/1962  Circulation section 134562017-07-162015-03-212015-03-21
 4 General BookCentral Library, BUETCentral Library, BUET536_000000000000000_ROB_1962536/ROB/1962  Circulation section 134572015-03-212015-03-212015-03-21